| 000 | 00690cam a2200169 a 4500 | ||
|---|---|---|---|
| 020 | _a0821302434 (pbk.) | ||
| 082 | 0 | 0 |
_a351.1091724 _bOZG _cD |
| 100 | 1 |
_aOzgediz, Selcuk, _937885 |
|
| 245 | 1 | 0 |
_aManaging the public service in developing countries : _bissues and prospects / _cSelcuk Ozgediz, assisted by Paramjit Sachdeva. |
| 260 |
_aWashington, D.C., U.S.A. : _bWorld Bank, _cc1983. |
||
| 300 |
_a84 p. ; _c28 cm. |
||
| 490 | 1 |
_aWorld Bank staff working papers ; _aManagement and development series ; |
|
| 526 |
_a0 _b0 _c0 _d351_109172400000000_OZG |
||
| 650 | 0 |
_aCivil service _zDeveloping countries _xPersonnel management. _937886 |
|
| 700 | 1 |
_aSachdeva, Paramjit. _937887 |
|
| 942 |
_2ddc _cBK |
||
| 999 |
_c542635 _d542635 |
||